LEADER 01371nam a2200301 4500 001 000000347000 003 CaOOAMICUS 005 20210722152407.0 008 210712s2005 it 000 u ita r 020 $a88-7989-923-6 040 $aSeMil$bita 100 1 $aJeffreys, Diarmuid.$0(OLS)http://semarc/name/114282 240 10$aAspirin.$0(OLS)http://semarc/title/436243 245 10$aAspirina :$bl'incredibile storia della pillola pił famosa del mondo /$cDiarmuid Jeffreys ; presentazione di Luciano Sterpellone ; traduzione di Giovanni Tarantino. 264 1$aRoma :$bDonzelli,$c2005. 300 $aIX, 313 p. ;$c20 cm 490 1 $aVirgola ;$v8 650 4$aAspirina.$0(OLS)http://semarc/subject/50699 700 1 $aSterpellone, Luciano.$0(OLS)http://semarc/name/64197 700 1 $aTarantino, Giovanni,$d<1972- >.$0(OLS)http://semarc/name/114283 830 0$aVirgola ;$v8.$0(OLS)http://semarc/title/436245 850 $aSeMil 852 $aSeMil$W1$xVenegono$y1$m3XA I 15$j227574$B238069$CSeMilBibl$Z2$F238069 $81 961 $aPerego don Stefano - Omaggio 996 $6020$a88-7989-923-6$9(OLS)http://semarc/number/293642 996 $6245$aAspirina :$bl'incredibile storia della pillola pił famosa del mondo$9(OLS)http://semarc/title/436244 996 $6264$aRoma :$bDonzelli$9(OLS)http://semarc/publisher/31453 LEADER 01116nam a2200277 i 4500 001 000000192741 003 CaOOAMICUS 005 20101110000000.0 008 101110s2010 it u000 u ita u 013 $a171366 020 $a978-88-372-2432-5 040 $aSeMil$bita 100 1 $aScalmana, Gabriele.$0(OLS)http://semarc/name/37879 245 10$aTeologia e biologia /$cGabriele Scalmana. 260 $aBrescia :$bMorcelliana,$c2010. 300 $a253 p. ;$c19 cm. 490 0 $aNovecento teologico ;$v24 650 4$aTeologia e scienze.$0(OLS)http://semarc/subject/5370 650 4$aBiologia - Aspetti filosofici.$0(OLS)http://semarc/subject/13270 830 0$aNovecento teologico ;$v24.$0(OLS)http://semarc/title/8766 850 $aSeMil 852 $aSeMil$W1$xVenegono$y1$m2D I 334$j143316$B143316$CSeMilBibl$Z2$F156397 $81 961 $aAcquisto: L.S. srl 996 $6020$a978-88-372-2432-5$9(OLS)http://semarc/number/184044 996 $6245$aTeologia e biologia$9(OLS)http://semarc/title/277839 996 $6260$aBrescia :$bMorcelliana$9(OLS)http://semarc/publisher/29629 LEADER 00472nab a2200145 i 4500 001 000000314208 003 CaOOAMICUS 005 20180831173126.0 008 180831n xx uu u0 0und r 013 $a23295 040 $aSeMil$bita 100 1 $aScotti, Pietro.$0(OLS)http://semarc/name/31608 245 13$aLa Santa Sindone nelle ricerche moderne. 773 0 $t[Gennaio-Dicembre].$g64-67$w()274262 996 $6245$aLa Santa Sindone nelle ricerche moderne$9(OLS)http://semarc/title/272976